00901nam a2200253 i 4500001001000000003000900010005001700019007000300036008004100039040003000080082002300110245009200133264004800225300002600273336002800299337003300327338002800360490002400388500006300412504003200475650003900507650005200546700004900598000008750DO-SdBNP20250227073849.0ta090918s1972 dr 000 0 spa d aDO-SdBNPbspacBNPHUerda 4aRD860.8bA634L22100aAntología de la literatura dominicana /c[compilador], José Alcántara Almánzar. aSanto Domingo :bCultura Dominicana,c1972. a436 páginasc22 cm. 2rdacontent atextobtxt 2rdamediaasin mediaciónbn 2rdacarrieravolumenbnc0 aBiblioteca esencial aIncluye datos biográficos del autor en la contracubierta aBibliografía : p. 427-436 4aLiteratura dominicanavColecciones 4aRepública dominicanavAntologías literarias1 aAlcántara Almánzar, Joséd1946-ecomp.